Statistiques concernant Films Disney

Cliquez ici pour prendre le quiz!

Statistiques générales

  • Ce quiz a été pris 1 868 fois
    (148 depuis la dernière actualisation)
  • Le résultat moyen est 66 sur 157

Statistiques - réponses

DateFilm% Correct
1937Blanche-Neige et les sept nains
94%
1950Cendrillon
89%
2002Cendrillon 2 : Une Vie de princesse
87%
2007Le Sortilège de Cendrillon
87%
2013La Reine des neiges
84%
2010Raiponce
78%
1992Aladdin
77%
1959La Belle au bois dormant
77%
1994Le Roi Lion
77%
1989La Petite sirène
76%
1998Mulan
75%
2004Mulan 2 : La Mission de l'empereur
75%
1991La Belle et la Bête
74%
2000La Petite sirène 2 : Retour à l'océan
74%
2008Le Secret de la petite sirène
74%
1953Peter Pan
73%
2002Peter Pan 2 : Retour au Pays Imaginaire
73%
1940Pinocchio
73%
2024Vaiana 2
73%
2016Vaïana : La Légende du bout du monde
73%
2019La Reine des neiges 2
72%
2006Cars
69%
2011Cars 2
69%
2017Cars 3
69%
1961Les 101 Dalmatiens
68%
2004Mickey, Donald, Dingo, Les Trois Mousquetaires
68%
2004Mickey, il était deux fois Noël
68%
1999Mickey, il était une fois Noël
68%
1955La Belle et le clochard
67%
1998Le Roi lion 2 : L'Honneur de la tribu
67%
2004Le Roi lion 3 : Hakuna Matata
67%
1997La Belle et la Bête 2 : Le Noël enchanté
66%
1998Le Monde magique de la Belle et la Bête
66%
1967Le Livre de la jungle
65%
1970Les Aristochats
65%
1998Pocahontas 2 : Un Nouveau monde
65%
1995Pocahontas : une légende indienne
65%
1995Toy Story
65%
1941Dumbo
64%
2009La Princesse et la grenouille
64%
2000Buzz l'éclair le film : Le Début des aventures
63%
2003Le Livre de la jungle 2
61%
1999Toy Story 2
61%
2010Toy Story 3
61%
2019Toy Story 4
61%
1940Fantasia
59%
1999Fantasia 2000
59%
2003Le Monde de Nemo
58%
1997Hercule
57%
2001La Belle et le clochard 2 : L'Appel de la rue
57%
2012Rebelle
55%
1942Bambi
53%
2006Bambi 2
53%
1999Tarzan
52%
2005Tarzan 2 : L'Enfance d'un héro
52%
2017Coco
51%
1951Alice au pays des merveilles
50%
1977Les Aventures de Bernard et Bianca
50%
2015Vice Versa
50%
2024Vice Versa 2
50%
2002101 Dalmatiens 2 : Sur la trace des héros
49%
1990Bernard et Bianca au pays des kangourous
49%
1973Robin des bois
47%
2016Le Monde de Dory
46%
1963Merlin l'enchanteur
46%
2003Stitch ! le film
46%
2021Encanto : la Fantastique Famille Madrigal
45%
2011Winnie l'ourson
45%
1996Le Bossu de Notre-Dame
44%
1994Le Retour de Jaffar
43%
2007Ratatouille
43%
1996Aladdin et le roi des voleurs
42%
2020
Soul
42%
2012Frankenweenie
42%
2002Le Bossu de Notre-Dame 2 : Le Secret de Quasimodo
42%
2009Là-Haut
41%
2006Leroy et Stitch
41%
1977Les Aventures de Winnie l'ourson
41%
2012Les Mondes de Ralph
41%
2002Lilo et Stitch
41%
2005Lilo et Stitch 2 : Hawaï, nous avons un problème
41%
1997Winnie l'ourson 2 : Le Grand voyage
41%
2005Winnie l'ourson et l'Efélent
41%
2016Zootopie
40%
2000Kuzco, l'empereur mégalo
39%
2005Kuzko 2 : King Kronk
39%
2014Clochette et la créature légendaire
38%
2014Clochette et la fée pirate
38%
2009Clochette et la Pierre de lune
38%
2012Clochette et le secret des fées
38%
2010Clochette et l'expédition féerique
38%
2008La Fée Clochette
38%
2004Les Indestructibles
38%
2003Frère des ours
37%
2006Frère des ours 2
37%
2021Raya et le dernier Dragon
36%
2021
Luca
34%
2008Wall-E
34%
2018Les Indestructibles 2
32%
1964Mary Poppins
32%
2013Monstres Academy
32%
1985Taram et le chaudron magique
32%
2022Alerte Rouge
30%
2001Atlantide, l'empire perdu
30%
2003Les Enigmes de l'Atlantide
30%
2001Monstres & Cie
30%
2008Volt, star malgré lui
30%
2023Wish : Asha et la Bonne Etoile
30%
19981001 pattes
29%
2013Planes
29%
2014Planes 2
29%
2014Les Nouveaux héros
28%
1981Rox et Rouki
28%
2006Rox et Rouki 2
28%
2018Ralph 2.0
27%
2002La Planète au trésor : un nouvel univers
25%
2022Buzz L'Eclair
22%
1988Oliver et Compagnie
21%
2015Le Voyage d'Arlo
20%
1986Basil, détective privé
19%
2005Chicken Little
19%
1947Coquin de Printemps
19%
1995Dingo et Max
19%
2000Dingo et Max 2 : Les Sportif de l'extrême
19%
2000Dinosaure
19%
1944Les Trois Caballeros
19%
1946Mélodie du Sud
19%
2004La Ferme se rebelle
18%
2020En avant
17%
1946La Boîte à musique
16%
2007Bienvenue chez les Robinson
15%
1990La Bande à Picsou le film : le trésor de la lampe perdue
15%
1949Le Crapaud et le maître d'école
15%
1942Saludos Amigos
15%
1948Mélodie Cocktail
14%
1993L'Etrange Noël de monsieur Jack
13%
2022Avalonia : L'Etrange Voyage
12%
2023Elémentaires
12%
1977Peter et Eliott le dragon
11%
1948Danny le petit mouton noir
10%
2003Les Aventures de Porcinet
10%
2000Les Aventures de Tigrou
10%
2007Il était une fois
9%
2022Il était une fois 2
9%
2004Les Aventures de Petit Gourou
9%
1971L'Apprentie sorcière
8%
1941Le Dragon Récalcitrant
7%
1988Qui veut la peau de Roger Rabbit
6%
2006The Wild
6%
1996James et la Pêche géante
4%
1999Doug, le film
3%
2009L'Etrange Noël de Scrooge
3%
1943Victoire dans les airs
3%
2001La Cour de récré : Vive les vacances !
2%
2022Tic et Tac : Les Rangers du risque
2%
2004Scott, le film
1%
2011Milo sur Mars
0%

Distribution des résultats

Percentile par nombre de réponses

% des personnes avec chaque résultat

Votre développement - résultats

Vous n’avez pas pris ce quiz depuis la dernière actualisation